Ładuje się......
Mother of 1084 /
| 1. autor: | |
|---|---|
| Kolejni autorzy: | |
| Format: | Printed Book |
| Wydane: |
Culcutta :
Seagull.
2001.
|
| Hasła przedmiotowe: |
| LEADER | 00502cam a2200157ua 4500 | ||
|---|---|---|---|
| 999 | |c 30051 |d 30051 | ||
| 082 | 1 | 4 | |a 891.443 |b MAH-M |
| 100 | 1 | |a Mahasweta Devi . | |
| 245 | 1 | 0 | |a Mother of 1084 / |
| 260 | |a Culcutta : |b Seagull. |c 2001. | ||
| 300 | |a 130p.; | ||
| 650 | 0 | |a Bengali fiction | |
| 650 | 0 | |a Indian literature in english | |
| 700 | |a Samik Bandyopadhyay, Tr. | ||
| 942 | |c BK | ||
| 952 | |0 0 |1 0 |4 0 |6 891_443000000000000_MAHM |7 0 |9 38522 |a KU |b KU |d 2015-07-05 |g 160.00 |l 5 |o 891.443 MAH-M |p EN13635 |r 2017-11-29 |s 2017-10-13 |y BK | ||